00633nam a2200181Ia 4500999001700000082001200017100001900029245010000048260003300148300000800181650003000189650003300219650002700252650002800279710001900307942001200326952011300338 c21634d21634 aTA.0046 aAgrawal, Mamta 0aStudy of the impact of education on social and cultural modernization of Hindu and Muslim women c1979bKurukshetra University a240 aWomen, hinduvHindu women aWomenvSocio-economic status aHindu womenvEducation aMuslim womenvEducation aChaturvedi, V. cTH2ddc 00104070aNASSDOCbNASSDOCd2004-10-08i2004-10-22l0oTA.0046p18572r2019-04-18 00:00:00w2019-04-18yTH